000 00838cam a2200265 a 4500
008
020 _a074991517X (pbk.)
049 _aMAIN
050 0 0 _aHF5415.125
_fLEV
100 1 _aLevinson, Jay Conrad.
245 1 0 _aGuerrilla marketing on the internet:
_bthe complete guide to making money on-line /
_cJay Conrad Levinson and Charles Rubin.
260 _aLondon :
_bJudy Piatkus,
_c1995.
300 _axiii, 303 p. :
_bill. ;
_c23 cm.
500 _aIncludes index.
504 _aIncludes bibliographical references.
650 0 _aInternet marketing.
650 0 _aMarketing
_xData processing.
650 0 _aInternet advertising.
700 1 _aRubin, Charles.
907 _a.b10166555
_b29-06-05
_c28-06-05
003
005 20230123134026.0
040 _cNUST
942 _cBOOKS
999 _c158716
_d158716